| 000 | 00465cam a2200181ua 4500 | ||
|---|---|---|---|
| 020 | _c60.00 | ||
| 041 |
_aeng _h |
||
| 082 |
_a658.5 _bBRA/IN |
||
| 100 | _aBranches, All . | ||
| 245 |
_aIntroduction to industrial management / _cAll Branches. _hTextual Documents |
||
| 250 |
_a5 / _b. |
||
| 260 |
_aMadras : _bDepartment of Technincal Education , _c1992. |
||
| 300 | _a275 ; . | ||
| 365 | _a60.00 | ||
| 504 | _a | ||
| 942 | _cBK | ||
| 999 |
_c10180 _d10180 |
||